000 00601nam a2200229Ia 4500
003 OSt
005 20220928115442.0
006 a|||||r|||| 00| 0
007 ta
008 220927b |||||||| |||| 00| 0 eng d
024 _a45219
037 _cTextual
040 _aSDCL
_cSDCL
_beng
041 _2eng
_aeng
082 _aV277'N7, M1
100 _aJoshi Mahesh
_9444305
245 0 _aAssam
_b Ihe Indian conflict
260 _aNew Delhi
_bPrachi Prakashan
_c1981
300 _axi,199p
_ccm.
942 _hV277'N7, M1
_cTEXL
_2CC
999 _c759413
_d759413